[Event "Bled Olympiad"]
[Site "Bled SLO"]
[Date "2002.10.30"]
[EventDate "2002.10.26"]
[Round "5"]
[Result "1-0"]
[White "Ivan Ivanisevic"]
[Black "Dario Alzate"]
[WhiteElo "2537"]
[BlackElo "2432"]
[PlyCount "96"]

1. d4 Nf6 2. c4 g6 3. Nc3 d5 4. Qb3 dxc4 5. Qxc4 Bg7 6. Nf3
O-O 7. e4 Na6 8. Qa4 c5 9. d5 Nc7 10. Be2 a6 11. O-O e5
12. Qc2 b6 13. Bg5 h6 14. Bh4 Re8 15. Nd2 b5 16. Nd1 Bf8
17. Ne3 Qd6 18. Rac1 Bb7 19. b4 c4 20. Ndxc4 bxc4 21. Nxc4 Qd8
22. Na5 Bc8 23. Bxf6 Qxf6 24. Qxc7 Bxb4 25. Rb1 Qd6 26. Qxd6
Bxd6 27. Rfc1 Bb8 28. g3 Ba7 29. Nc6 Bd7 30. Nxa7 Rxa7 31. Rb6
a5 32. Kg2 a4 33. Bb5 Bxb5 34. Rxb5 a3 35. Kf3 Ree7 36. Ke3
Ra4 37. Rc3 Rea7 38. d6 Rd7 39. Rb6 Kg7 40. f4 exf4+ 41. gxf4
g5 42. f5 Kf6 43. Rc7 Ra7 44. Rxd7 Rxd7 45. Kd4 Ra7 46. Kd5 g4
47. Kc6 Ra4 48. d7 Rd4 1-0

[Event "Bled Olympiad"]
[Site "Bled SLO"]
[Date "2002.10.30"]
[EventDate "2002.10.26"]
[Round "5"]
[Result "1-0"]
[White "Aleksander Delchev"]
[Black "Brian Kelly"]
[WhiteElo "2560"]
[BlackElo "2451"]
[PlyCount "55"]

1. e4 e6 2. d4 d5 3. Nc3 Nf6 4. e5 Nfd7 5. Nce2 c5 6. c3 Nc6
7. f4 b5 8. a3 a5 9. Nf3 Ba6 10. f5 exf5 11. Nf4 Nb6 12. Bd3
Qd7 13. Qe2 Be7 14. e6 Qc8 15. dxc5 Bxc5 16. Ng5 g6 17. Be3
Bxe3 18. Qxe3 Qb8 19. exf7+ Kd7 20. O-O Qa7 21. Kh1 Rac8
22. Nge6 Na4 23. Qe2 Nc5 24. Rad1 Nxe6 25. Nxe6 Kd6 26. f8=Q+
Rhxf8 27. Nxf8 Rxf8 28. a4 1-0

[Event "Bled Olympiad"]
[Site "Bled SLO"]
[Date "2002.10.30"]
[EventDate "2002.10.26"]
[Round "5"]
[Result "1/2-1/2"]
[White "Alexander Baburin"]
[Black "Vasil Spasov"]
[WhiteElo "2580"]
[BlackElo "2591"]
[PlyCount "37"]

1. d4 g6 2. Nf3 Bg7 3. c4 d6 4. Nc3 Nf6 5. g3 O-O 6. Bg2 Nbd7
7. O-O e5 8. e4 exd4 9. Nxd4 Re8 10. h3 Nc5 11. Re1 h6 12. Rb1
Bd7 13. b4 Ne6 14. Nf3 a5 15. a3 axb4 16. axb4 Ng4 17. hxg4
Bxc3 18. Re3 Bg7 19. e5 1/2-1/2

[Event "Bled Olympiad"]
[Site "Bled SLO"]
[Date "2002.10.30"]
[EventDate "2002.10.26"]
[Round "5"]
[Result "0-1"]
[White "Mark Quinn"]
[Black "Julian Radulski"]
[WhiteElo "2429"]
[BlackElo "2487"]
[PlyCount "56"]

1. c4 e6 2. d4 d5 3. Nc3 c6 4. Nf3 f5 5. g3 Nf6 6. Bg2 Bd6
7. O-O O-O 8. Qb3 Kh8 9. Bf4 Bxf4 10. gxf4 Ne4 11. e3 Nd7
12. Nxe4 fxe4 13. Nd2 b6 14. f3 exf3 15. Rxf3 Nf6 16. Qc2 Bd7
17. Bh3 Qe7 18. cxd5 exd5 19. Bxd7 Qxd7 20. Rg3 Rae8 21. Rc1
c5 22. dxc5 bxc5 23. Qd3 d4 24. exd4 Nh5 25. Rh3 h6 26. Rxh5
Qg4+ 27. Qg3 Qxh5 28. Rxc5 Qd1+ 0-1

[Event "Bled Olympiad"]
[Site "Bled SLO"]
[Date "2002.10.30"]
[EventDate "2002.10.26"]
[Round "5"]
[Result "1/2-1/2"]
[White "Ivan Cheparinov"]
[Black "Mark Orr"]
[WhiteElo "2473"]
[BlackElo "2332"]
[PlyCount "90"]

1. e4 e6 2. d4 d5 3. Nd2 Nf6 4. e5 Nfd7 5. c3 c5 6. f4 Nc6
7. Ndf3 Qb6 8. a3 cxd4 9. cxd4 Na5 10. Ne2 Qb3 11. Nd2 Qxd1+
12. Kxd1 Nb6 13. b3 Bd7 14. Bb2 Be7 15. Nc3 O-O 16. Kc2 f6
17. Nf3 fxe5 18. fxe5 Rac8 19. Bd3 Na8 20. Bc1 Rc6 21. Bd2
Rfc8 22. Rhb1 Rb6 23. Be1 Nc7 24. Rb2 Nb5 25. Bxb5 Bxb5
26. Kd1 Bd3 27. Nxd5 exd5 28. Bxa5 Rbc6 29. Ne1 Be4 30. Bd2
Kf7 31. b4 Ke6 32. Rc1 Rxc1+ 33. Bxc1 Rc4 34. Be3 Rc3 35. Ke2
Rxa3 36. b5 Ra4 37. Nd3 Bxd3+ 38. Kxd3 Ra3+ 39. Ke2 Kf5
40. Rc2 Bd8 41. Rc8 Bb6 42. Rf8+ Ke6 43. Rb8 Kf5 44. Rf8+ Ke6
45. Rb8 Kf5 1/2-1/2

[Event "Bled Olympiad"]
[Site "Bled SLO"]
[Date "2002.10.30"]
[EventDate "2002.10.26"]
[Round "5"]
[Result "1/2-1/2"]
[White "Jo Gonzalez"]
[Black "Normunds Miezis"]
[WhiteElo "2019"]
[BlackElo "2523"]
[PlyCount "142"]

1. e4 c5 2. Nf3 e6 3. d4 cxd4 4. Nxd4 a6 5. c4 Nf6 6. Nc3 Bb4
7. Bd3 Qc7 8. O-O Nc6 9. Nxc6 dxc6 10. f4 e5 11. f5 h5 12. Kh1
Bc5 13. Na4 Bd4 14. c5 Qe7 15. Bg5 h4 16. b4 Nxe4 17. Bxe4
Qxg5 18. Nb6 Rb8 19. Rb1 O-O 20. Rb3 Rd8 21. Qe1 Bd7 22. Rh3
Be8 23. Bc2 a5 24. a3 axb4 25. axb4 e4 26. Rxh4 Bc3 27. Qxc3
Qxh4 28. Nc4 e3 29. Nxe3 Qd4 30. Qb3 b6 31. f6 bxc5 32. Nf5
Qxf6 33. Qh3 Bd7 34. Ne7+ Kf8 35. Ng6+ Qxg6 36. Qh8+ Ke7
37. Qh4+ Qf6 38. Rxf6 gxf6 39. bxc5 Be6 40. h3 Rb2 41. Be4
Rd1+ 42. Kh2 Rb4 43. Qh5 Rc1 44. Bxc6 Rbc4 45. Qh8 Rxc5
46. Qe8+ Kd6 47. Bf3 Rc8 48. Qa4 R1c4 49. Qa3+ R8c5 50. Qa8
Ke7 51. Qa7+ Kf8 52. Qb8+ Kg7 53. Qg3+ Rg5 54. Qf2 Ra4 55. Qd2
Rga5 56. Qf2 Ra3 57. Qe1 Rg5 58. Qf2 Ra2 59. Qe1 Bd5 60. Bxd5
Rxd5 61. Qe4 Rg5 62. Qf3 f5 63. Qd5 Re2 64. Qd4+ Kg6 65. Qd5
Rf2 66. Qa8 Kh7 67. Qd5 Rg7 68. Kg1 Rg5 69. g3 Rxg3+ 70. Qg2
Kg6 71. h4 Kh5 1/2-1/2

[Event "Bled Olympiad"]
[Site "Bled SLO"]
[Date "2002.10.30"]
[EventDate "2002.10.26"]
[Round "5"]
[Result "0-1"]
[White "Florentino Garmendez"]
[Black "Ilmars Starostits"]
[WhiteElo "2408"]
[BlackElo "2398"]
[PlyCount "78"]

1. d4 d5 2. c4 c6 3. e3 Nf6 4. Bd3 g6 5. Nf3 Bg7 6. O-O O-O
7. Nbd2 Bf5 8. Bxf5 gxf5 9. b3 Nbd7 10. Bb2 Ne4 11. Rc1 Kh8
12. Rc2 e6 13. cxd5 exd5 14. Nxe4 fxe4 15. Ne1 Qe7 16. g3 a5
17. a4 f5 18. Ng2 Nf6 19. Qc1 Rf7 20. Ba3 Qd7 21. f3 Bh6
22. Rcf2 Re8 23. Qc2 Bg5 24. f4 Bh6 25. Qc3 Ra8 26. Rc2 Ng4
27. Rb1 Qe6 28. b4 axb4 29. Rxb4 Rg8 30. Rbb2 Qg6 31. a5 Nxh2
32. Kxh2 Qh5+ 33. Kg1 Rxg3 34. Bd6 Qd1+ 35. Kh2 Rfg7 36. Qe1
Qh5+ 37. Kg1 Rh3 38. Qe2 Rh1+ 39. Kf2 Rf7 0-1

[Event "Bled Olympiad"]
[Site "Bled SLO"]
[Date "2002.10.30"]
[EventDate "2002.10.26"]
[Round "5"]
[Result "1/2-1/2"]
[White "Ruben Felgaer"]
[Black "Einar J Gausel"]
[WhiteElo "2509"]
[BlackElo "2511"]
[PlyCount "156"]

1. e4 c6 2. Nc3 d5 3. Nf3 Bg4 4. h3 Bxf3 5. Qxf3 e6 6. d4 Nd7
7. Bd3 dxe4 8. Nxe4 Ngf6 9. Ng3 Bd6 10. O-O Qc7 11. Re1 O-O
12. Ne4 Nxe4 13. Rxe4 Rae8 14. Bd2 c5 15. c3 cxd4 16. cxd4 Nb6
17. Qh5 f5 18. Re2 Qd7 19. Rae1 g6 20. Qf3 Rf7 21. Bc2 Nc4
22. Bc1 b5 23. Bb3 Qc8 24. a4 a6 25. Bf4 Qc7 26. Bh6 Qc8
27. axb5 axb5 28. Ra1 Bf8 29. Bxf8 Rexf8 30. d5 e5 31. Qc3 f4
32. d6 f3 33. Rxe5 Nxe5 34. Qxe5 Qf5 35. Qxf5 gxf5 36. Ra5 Kg7
37. Bxf7 Kxf7 38. Rxb5 Ke6 39. Rb6 Rg8 40. g3 f4 41. g4 h5
42. Rb4 hxg4 43. Rxf4 gxh3+ 44. Kh1 Rb8 45. Rd4 Kd7 46. Rd2
Re8 47. Rd3 Re2 48. Rxf3 Rxb2 49. Rf6 Rb8 50. Kh2 Rh8 51. Rf3
Kxd6 52. Rxh3 Rf8 53. Kg2 Rg8+ 54. Rg3 Rh8 55. Re3 Rg8+
56. Kf3 Rf8+ 57. Ke2 Rf5 58. Re8 Kd5 59. Re7 Kd4 60. Re3 Kd5
61. Re8 Kd6 62. Re4 Kd5 63. Re3 Kd6 64. Kf1 Re5 65. Rf3 Ke6
66. Kg2 Rg5+ 67. Rg3 Ra5 68. Rg6+ Kf5 69. Rb6 Ra3 70. f3 Ra1
71. Kf2 Ra8 72. Rb7 Kf6 73. Kg3 Ra6 74. Rd7 Rb6 75. Kg4 Ra6
76. f4 Rb6 77. Rh7 Kg6 78. Rh5 Kg7 1/2-1/2

[Event "Bled Olympiad"]
[Site "Bled SLO"]
[Date "2002.10.30"]
[EventDate "2002.10.26"]
[Round "5"]
[Result "0-1"]
[White "Kjetil A Lie"]
[Black "Pablo Ricardi"]
[WhiteElo "2421"]
[BlackElo "2544"]
[PlyCount "102"]

1. e4 c5 2. Nf3 d6 3. d4 cxd4 4. Nxd4 Nf6 5. Nc3 a6 6. f4 Nbd7
7. Be2 g6 8. g4 Nc5 9. Nb3 Nxb3 10. axb3 Bg7 11. Be3 O-O
12. h4 b5 13. g5 Nh5 14. Bxh5 gxh5 15. f5 Bb7 16. Qxh5 Rc8
17. Rg1 Rxc3 18. bxc3 Qc8 19. Bd2 Qc5 20. Rg3 Bxe4 21. Qe2
Bxf5 22. Qf2 Qd5 23. O-O-O Rc8 24. Be3 Qe4 25. Bd4 e5 26. Ba7
Bg6 27. Rh3 Qg4 28. Rdh1 d5 29. h5 Be4 30. Rh4 Qxg5+ 31. Be3
Qf5 32. Qxf5 Bxf5 33. Rf1 Be6 34. h6 Bh8 35. b4 f5 36. Bc5 Kf7
37. Kb2 a5 38. Rg1 a4 39. Bd6 e4 40. Bc5 Be5 41. Bd4 Kf6
42. Rg7 Bxd4 43. cxd4 e3 44. Rg3 a3+ 45. Kxa3 e2 46. Re3 Rc3+
47. Rxc3 e1=Q 48. Rhh3 f4 49. Rhf3 Qa1+ 50. Kb3 Kg5 51. Rc7
Qa4+ 0-1

[Event "Bled Olympiad"]
[Site "Bled SLO"]
[Date "2002.10.30"]
[EventDate "2002.10.26"]
[Round "5"]
[Result "0-1"]
[White "Daniel Hersvik"]
[Black "Sergio Slipak"]
[WhiteElo "2311"]
[BlackElo "2498"]
[PlyCount "132"]

1. e4 c6 2. d4 d5 3. e5 Bf5 4. Nf3 e6 5. Be2 Nd7 6. O-O Bg6
7. c3 Nh6 8. b4 Nf5 9. a3 a5 10. Bb2 h5 11. Nbd2 Be7 12. Nb3
b6 13. Qd2 O-O 14. c4 dxc4 15. Bxc4 a4 16. Nc1 h4 17. Ne2 Bh5
18. Qc3 h3 19. gxh3 c5 20. d5 b5 21. dxe6 bxc4 22. exd7 cxb4
23. axb4 Bxb4 24. Qxb4 Bxf3 25. Qxc4 Qxd7 26. Ng3 Nd4 27. e6
Nxe6 28. Qc3 Qd5 29. Ra3 Rfb8 30. Qxf3 Qxf3 31. Rxf3 Rxb2
32. Ra1 Nd4 33. Rf4 Rb4 34. Ra3 Nc2 35. Rxb4 Nxa3 36. Ne2 Nc2
37. Rb2 a3 38. Rxc2 a2 39. Rxa2 Rxa2 40. Nf4 Ra3 41. Kg2 Kf8
42. Nd5 Rb3 43. Ne3 Ke7 44. Nf5+ Kf6 45. Nd4 Rd3 46. Nf3 Kf5
47. Ne1 Rc3 48. Nf3 f6 49. Ng1 Ke4 50. Ne2 Ra3 51. Ng3+ Ke5
52. Nf1 Rd3 53. Ne3 f5 54. Nf1 g5 55. Ng3 f4 56. Nf1 Kd4
57. h4 gxh4 58. h3 f3+ 59. Kg1 Rd1 60. Kh2 Kd3 61. Ne3 Rd2
62. Kg1 Ke2 63. Nf5 Rd1+ 64. Kh2 Kxf2 65. Nxh4 Ke2 66. Nxf3
Kxf3 0-1

[Event "Bled Olympiad"]
[Site "Bled SLO"]
[Date "2002.10.30"]
[EventDate "2002.10.26"]
[Round "5"]
[Result "1-0"]
[White "Pablo Zarnicki"]
[Black "Torstein Bae"]
[WhiteElo "2499"]
[BlackElo "2370"]
[PlyCount "47"]

1. e4 c5 2. Nf3 Nc6 3. c3 d5 4. exd5 Qxd5 5. d4 Bg4 6. Nbd2 e6
7. Qa4 Bxf3 8. Nxf3 cxd4 9. Nxd4 Bc5 10. Be3 Nge7 11. Nxc6
Nxc6 12. Rd1 Qe5 13. Bb5 Bxe3 14. Bxc6+ bxc6 15. Qxc6+ Ke7
16. Rd7+ Kf6 17. fxe3 Qxe3+ 18. Kd1 Qf2 19. Qc7 Kg6 20. Qc4
Rhd8 21. Qd3+ f5 22. Rxd8 Qxg2 23. Re1 Qg4+ 24. Kc2 1-0

[Event "Bled Olympiad"]
[Site "Bled SLO"]
[Date "2002.10.30"]
[EventDate "2002.10.26"]
[Round "5"]
[Result "0-1"]
[White "Meilis Annaberdiev"]
[Black "Kaido Kulaots"]
[WhiteElo "2305"]
[BlackElo "2542"]
[PlyCount "106"]

1. d4 Nf6 2. Nf3 g6 3. Bf4 Bg7 4. e3 O-O 5. Be2 d6 6. h3 c5
7. c3 Nbd7 8. O-O b6 9. Nbd2 Bb7 10. a4 a6 11. Qb3 Qc7 12. Bh2
Bc6 13. Qa3 Qb7 14. b4 Ne4 15. Ra2 cxd4 16. cxd4 Nxd2 17. Rxd2
b5 18. a5 Rac8 19. Rfd1 Bd5 20. Ne1 Rc7 21. Rc1 Rfc8 22. Rdd1
Nf6 23. Rxc7 Qxc7 24. Nd3 Qc3 25. Qxc3 Rxc3 26. Rc1 Rxc1+
27. Nxc1 Nd7 28. Bf3 Bxf3 29. gxf3 f5 30. Nd3 Kf7 31. Kf1 e5
32. Bg3 Ke6 33. Bh4 exd4 34. Nf4+ Kf7 35. Bd8 dxe3 36. fxe3
Ne5 37. Bc7 Ke7 38. Ke2 Kd7 39. Bb6 Kc6 40. e4 fxe4 41. fxe4
Nd7 42. Bf2 Be5 43. Nd3 Nf6 44. Kf3 Kd7 45. Bh4 Ke6 46. Be1 g5
47. Bd2 h6 48. Be1 Bd4 49. Bg3 d5 50. exd5+ Kxd5 51. Be1 Kc4
52. Ke2 Nd5 53. h4 gxh4 0-1

[Event "Bled Olympiad"]
[Site "Bled SLO"]
[Date "2002.10.30"]
[EventDate "2002.10.26"]
[Round "5"]
[Result "1/2-1/2"]
[White "Mikhail Rytshagov"]
[Black "Artek Ovezov"]
[WhiteElo "2503"]
[BlackElo "2353"]
[PlyCount "170"]

1. e4 c5 2. Nf3 Nc6 3. d4 cxd4 4. Nxd4 Nf6 5. Nc3 e5 6. Ndb5
d6 7. Bg5 a6 8. Na3 b5 9. Bxf6 gxf6 10. Nd5 Bg7 11. Bd3 Be6
12. O-O f5 13. Qh5 h6 14. c3 O-O 15. Nc2 fxe4 16. Bxe4 f5
17. Nf4 Bd7 18. Bxc6 Bxc6 19. Ne6 Qd7 20. Nxf8 Rxf8 21. Qe2 a5
22. Rad1 f4 23. f3 Rf5 24. Rd2 Bf8 25. Rfd1 Rg5 26. Ne1 Qe6
27. b3 d5 28. Nd3 Qf6 29. b4 e4 30. Nc5 Qxc3 31. fxe4 f3
32. Qe1 Bxc5+ 33. bxc5 Qxc5+ 34. Kh1 dxe4 35. Rc1 Qb6 36. h4
Rg6 37. gxf3 e3 38. Rxc6 Rxc6 39. Rg2+ Kf8 40. Qg3 Re6
41. Qg7+ Ke8 42. Qh7 Re7 43. Rg8+ Kd7 44. Qd3+ Qd6 45. Rd8+
Kxd8 46. Qxd6+ Ke8 47. Qg6+ Kf8 48. Qxh6+ Kf7 49. Qh5+ Kf8
50. Qf5+ Kg7 51. Qg5+ Kf7 52. Qf4+ Ke8 53. Qg3 e2 54. Qe1 b4
55. Kg2 a4 56. Kf2 b3 57. axb3 axb3 58. h5 b2 59. h6 Kf8
60. h7 Rxh7 61. Qb4+ Kg8 62. Qb8+ Kf7 63. Qb7+ Kg8 64. Qc8+
Kf7 65. Qf5+ Kg7 66. Qe5+ Kf7 67. Qf5+ Kg7 68. Qb1 Rh2+
69. Kg3 e1=Q+ 70. Qxe1 Re2 71. Qb4 Kf6 72. Kf4 Rd2 73. Qb6+
Ke7 74. Ke4 Kd7 75. f4 Re2+ 76. Kf5 Rd2 77. Qb7+ Kd6 78. Kf6
Kc5 79. Qb3 Rd6+ 80. Ke7 Rb6 81. Qc3+ Kd5 82. Qd3+ Kc5
83. Qc3+ Kd5 84. Qd3+ Kc5 85. Qc3+ Kd5 1/2-1/2

[Event "Bled Olympiad"]
[Site "Bled SLO"]
[Date "2002.10.30"]
[EventDate "2002.10.26"]
[Round "5"]
[Result "1/2-1/2"]
[White "Marc Dutreeuw"]
[Black "Ziaur Rahman"]
[WhiteElo "2327"]
[BlackElo "2523"]
[PlyCount "135"]

1. e4 g6 2. d4 Bg7 3. Nc3 c6 4. Be3 d5 5. f3 dxe4 6. fxe4 Nf6
7. Nf3 O-O 8. Bd3 Ng4 9. Bg1 e5 10. d5 Nd7 11. Qe2 Qa5 12. Nd2
Ngf6 13. dxc6 bxc6 14. Nb3 Qc7 15. Be3 Nh5 16. g3 Ndf6 17. Nd1
Re8 18. Nf2 Bf8 19. O-O Rb8 20. Bc4 Be6 21. c3 a5 22. Rab1 c5
23. Nd2 Qb7 24. Qf3 Rbd8 25. Bxe6 Rxe6 26. Nc4 a4 27. Rbd1
Rxd1 28. Rxd1 Qb5 29. Qe2 Ng7 30. Bc1 Nge8 31. Qd3 Qb7 32. Qe2
h5 33. Rd8 Be7 34. Rd1 Qb5 35. Qd3 Qb7 36. Qe2 Qa8 37. Kf1 Kg7
38. Kg1 Qb7 39. Kf1 Ng4 40. Nxg4 hxg4 41. Rd5 Qb8 42. Rd1 Qb5
43. Ne3 Qxe2+ 44. Kxe2 Nf6 45. c4 Nxe4 46. Nxg4 Nd6 47. Ne3 f5
48. b3 axb3 49. axb3 Kf7 50. Nd5 Ne4 51. Bb2 Bd6 52. Ra1 Re8
53. Ra7+ Ke6 54. Ra6 Rh8 55. h4 Nxg3+ 56. Kf3 Ne4 57. Nf4+ Kf6
58. Bxe5+ Kxe5 59. Nxg6+ Kf6 60. Nxh8 Kg7 61. Ra8 Nf6 62. Rd8
Be7 63. Rc8 Bd6 64. Rd8 Be7 65. Rc8 Bd6 66. Ra8 Be5 67. Rd8
Bc7 68. Rc8 1/2-1/2

[Event "Bled Olympiad"]
[Site "Bled SLO"]
[Date "2002.10.30"]
[EventDate "2002.10.26"]
[Round "5"]
[Result "1/2-1/2"]
[White "Johann Carlos Alvarez Marquez"]
[Black "Ioannis Papaioannou"]
[WhiteElo "2382"]
[BlackElo "2587"]
[PlyCount "36"]

1. d4 Nf6 2. c4 c5 3. d5 e6 4. Nc3 exd5 5. cxd5 d6 6. e4 g6
7. f4 Bg7 8. Bb5+ Nfd7 9. a4 O-O 10. Nf3 Na6 11. O-O Nb4
12. Kh1 a6 13. Bd3 Re8 14. Bb1 Rb8 15. f5 c4 16. Bg5 Qc7
17. Qd2 Nd3 18. Bh6 Bh8 1/2-1/2

[Event "Bled Olympiad"]
[Site "Bled SLO"]
[Date "2002.10.30"]
[EventDate "2002.10.26"]
[Round "5"]
[Result "1/2-1/2"]
[White "Stelios Halkias"]
[Black "Jose Sequera Paolini"]
[WhiteElo "2528"]
[BlackElo "2378"]
[PlyCount "104"]

1. d4 e6 2. c4 f5 3. Nc3 Nf6 4. e3 Be7 5. Bd3 d5 6. Nge2 O-O
7. O-O Kh8 8. Qc2 Nc6 9. a3 dxc4 10. Bxc4 e5 11. d5 Na5
12. Ba2 b6 13. f4 Bd6 14. b4 Nb7 15. Nb5 Bd7 16. Nxd6 cxd6
17. Bb2 Rc8 18. Qd3 Qe8 19. Nc3 Nd8 20. Rac1 Nf7 21. Rfe1 Nh6
22. a4 Nhg4 23. h3 Qh5 24. Ne2 Qh4 25. Rf1 Rxc1 26. Bxc1 Re8
27. Bd2 exf4 28. Rxf4 g5 29. Rf1 Ne5 30. Qd4 Ne4 31. Be1 Qh5
32. Ng3 Nxg3 33. Bxg3 Kg8 34. Bb1 Qg6 35. b5 Qf6 36. Kh1 Rc8
37. Bd3 Kg7 38. Bxe5 dxe5 39. Qb2 e4 40. Qxf6+ Kxf6 41. Bxe4
Ke5 42. Bf3 Rc4 43. Rd1 Rxa4 44. d6 Ra3 45. Bc6 Ke6 46. Bd5+
Ke5 47. Bc6 Ke6 48. g4 fxg4 49. Bd5+ Ke5 50. Bc6 Ke6 51. Bd5+
Ke5 52. Bc6 Ke6 1/2-1/2

[Event "Bled Olympiad"]
[Site "Bled SLO"]
[Date "2002.10.30"]
[EventDate "2002.10.26"]
[Round "5"]
[Result "1/2-1/2"]
[White "Rafael Prasca Sosa"]
[Black "Igor Miladinovic"]
[WhiteElo "2352"]
[BlackElo "2518"]
[PlyCount "100"]

1. e4 c5 2. c3 d5 3. exd5 Qxd5 4. d4 e5 5. dxe5 Qxd1+ 6. Kxd1
Nc6 7. Nf3 Bg4 8. Bf4 O-O-O+ 9. Nbd2 Nge7 10. Be2 Ng6 11. Bg3
f5 12. h3 Bxf3 13. Bxf3 Ncxe5 14. Bxe5 Nxe5 15. Be2 Be7
16. Kc2 Bg5 17. Rad1 Bxd2 18. Rxd2 Rxd2+ 19. Kxd2 f4 20. Bg4+
Kc7 21. Re1 Kd6 22. Kc2 h5 23. Rd1+ Ke7 24. Bf5 Rf8 25. Be4 b6
26. Re1 Kd6 27. Rd1+ Ke6 28. Re1 g5 29. b3 Rd8 30. Bf3 Rh8
31. Be4 Rd8 32. Bf3 h4 33. Be2 Kf5 34. f3 Kf6 35. Bc4 Rd6
36. Re2 Rd7 37. Re1 Rd6 38. Re2 a5 39. a4 Rd8 40. Re1 Rd7
41. Re2 Rd6 42. Re1 Nc6 43. Re8 Ne7 44. Rf8+ Kg6 45. Rb8 Kg7
46. Rb7 Kf6 47. Rb8 Nf5 48. Rf8+ Ke5 49. Re8+ Kf6 50. Rf8+ Ke5
1/2-1/2

[Event "Bled Olympiad"]
[Site "Bled SLO"]
[Date "2002.10.30"]
[EventDate "2002.10.26"]
[Round "5"]
[Result "1-0"]
[White "Ioannis Nikolaidis"]
[Black "Julio Ostos"]
[WhiteElo "2495"]
[BlackElo "2328"]
[PlyCount "93"]

1. d4 Nf6 2. Nf3 g6 3. c3 Bg7 4. Bg5 Ne4 5. Bh4 c5 6. d5 Qb6
7. Nbd2 Nxd2 8. Qxd2 d6 9. e4 O-O 10. Bc4 Bg4 11. Be2 Nd7
12. h3 Bxf3 13. Bxf3 Rfe8 14. O-O c4 15. Bg5 Qc7 16. Bd1 Nc5
17. Bc2 b5 18. Be3 a5 19. a3 Rab8 20. f4 Qb6 21. Qf2 Rbc8
22. e5 Qb7 23. Rad1 Rf8 24. Bd4 Qc7 25. Rde1 Qb7 26. Rd1 Qc7
27. Qe3 f6 28. exf6 exf6 29. f5 Rfe8 30. Qf3 g5 31. Rfe1 Kf8
32. Re6 Nxe6 33. fxe6 Ke7 34. Qh5 Kd8 35. Qxh7 Rb8 36. Rf1 Rf8
37. Qe4 Qe7 38. Rf5 Kc8 39. a4 b4 40. Bd1 Kb7 41. Kh2 Rbc8
42. cxb4 axb4 43. Qe1 c3 44. bxc3 bxc3 45. Bxc3 Qc7 46. Bd4
Qc4 47. Qd2 1-0

[Event "Bled Olympiad"]
[Site "Bled SLO"]
[Date "2002.10.30"]
[EventDate "2002.10.26"]
[Round "5"]
[Result "0-1"]
[White "Thanh Son Nguyen"]
[Black "Sampsa Nyysti"]
[WhiteElo "2450"]
[BlackElo "2410"]
[PlyCount "120"]

1. e4 e5 2. Nf3 Nc6 3. Bb5 a6 4. Ba4 Nf6 5. O-O Be7 6. Re1 b5
7. Bb3 d6 8. c3 O-O 9. h3 Na5 10. Bc2 c5 11. d4 Qc7 12. Nbd2
cxd4 13. cxd4 Rd8 14. d5 Bd7 15. Nf1 Rdc8 16. Bd3 Nb7 17. Bd2
Nc5 18. Rc1 Qb7 19. Bb1 b4 20. b3 a5 21. Ng3 a4 22. Rc4 Bb5
23. Rxb4 Na6 24. Rxb5 Qxb5 25. Nf5 Qd7 26. Nh2 Bf8 27. Re3
axb3 28. axb3 Nc5 29. Qf3 Ra1 30. Re1 Rxb1 31. Rxb1 Ncxe4
32. Nf1 Qb5 33. N5e3 Qd3 34. Rb2 Nxd5 35. Nxd5 Qxd5 36. Be3
Qd3 37. Qf5 Rb8 38. Nd2 Nc5 39. Qxd3 Nxd3 40. Rc2 d5 41. Rc3
Nb4 42. Bc5 Rb7 43. Kf1 Bxc5 44. Rxc5 Kf8 45. Rc8+ Ke7 46. Rh8
h6 47. Rg8 g6 48. Ke2 Nc2 49. g4 Nd4+ 50. Ke3 Nxb3 51. Nf3 Kf6
52. Rd8 Rb5 53. Re8 d4+ 54. Kd3 Rc5 55. Ke4 Rc2 56. Nxe5 Re2+
57. Kd5 d3 58. g5+ Kf5 59. Re7 d2 60. Rxf7+ Kxg5 0-1

[Event "Bled Olympiad"]
[Site "Bled SLO"]
[Date "2002.10.30"]
[EventDate "2002.10.26"]
[Round "5"]
[Result "1-0"]
[White "Tapani Sammalvuo"]
[Black "Anh Dung Nguyen"]
[WhiteElo "2437"]
[BlackElo "2540"]
[PlyCount "219"]

1. e4 c6 2. d3 d5 3. Nd2 e5 4. Ngf3 Bd6 5. Qe2 Nd7 6. d4 Qe7
7. exd5 cxd5 8. dxe5 Nxe5 9. Nxe5 Qxe5 10. Nf3 Qe4 11. Bg5 f6
12. Be3 Ne7 13. Qd2 O-O 14. Bd3 Qg4 15. h3 Qh5 16. O-O-O Qf7
17. Kb1 Kh8 18. g4 Nc6 19. Be2 Rd8 20. Nd4 Bd7 21. f4 Rac8
22. Bf3 Bb4 23. Qg2 Qe7 24. Bc1 Nxd4 25. Rxd4 Bc6 26. Bxd5
Rxd5 27. Rxd5 Be1 28. Rxe1 Qxe1 29. Qd2 Qe7 30. Rd3 Re8 31. b3
h6 32. Qf2 a6 33. g5 Be4 34. gxf6 Qxf6 35. Bb2 Qf5 36. Rg3 Re7
37. Bc3 Kh7 38. Kb2 Qd7 39. Qc5 Bf5 40. h4 Rf7 41. Be5 Qe6
42. Qc3 Qd7 43. Rg2 Qe7 44. Qc4 Qd7 45. a3 Re7 46. Kc1 Rf7
47. Kb2 Re7 48. Qc3 Rf7 49. Qb4 Qc6 50. Qd2 Rd7 51. Qf2 Rf7
52. Rg3 Qd7 53. Qg2 Qe7 54. Qd5 Qd7 55. Qc4 Re7 56. Qc5 Rf7
57. Rg2 Re7 58. Bc3 Rf7 59. a4 Be4 60. Rg3 Bf5 61. Rg1 Re7
62. Qa7 Bg6 63. Qc5 Bf5 64. Be5 Rf7 65. Qf2 Re7 66. Kc1 Rf7
67. Qg2 Qe7 68. Qd5 Qd7 69. Qc4 Be6 70. Qe4+ Bf5 71. Qe2 Qe7
72. Qf2 Qa3+ 73. Bb2 Qe7 74. Re1 Qd8 75. Be5 Qc8 76. Kb2 Qc6
77. Rg1 Qd7 78. Rg3 Qc6 79. Rc3 Qd5 80. Rc5 Qe4 81. Rc4 Qd5
82. Rc3 Qe6 83. Qg2 Qe8 84. Rg3 Qd7 85. a5 Qe7 86. Qd5 Qd7
87. c4 Be6 88. Qe4+ Bf5 89. Qg2 Re7 90. Kc3 Rf7 91. Qd5 Be6
92. Qe4+ Bf5 93. Qg2 Re7 94. b4 Rf7 95. Qd5 Qe7 96. Qg2 Qd7
97. Qg1 Qe7 98. Qg2 Qd7 99. Bd4 Qe7 100. Kb3 Qd7 101. Qd5 Be6
102. Qxd7 Rxd7 103. Be5 h5 104. Kc3 g6 105. b5 axb5 106. cxb5
Rd5 107. a6 Rxb5 108. a7 Ra5 109. Bd4 Bd5 110. Bb6 1-0

[Event "Bled Olympiad"]
[Site "Bled SLO"]
[Date "2002.10.30"]
[EventDate "2002.10.26"]
[Round "5"]
[Result "1-0"]
[White "Aleksei Holmsten"]
[Black "Le Dinh Tuan"]
[WhiteElo "2410"]
[BlackElo "2318"]
[PlyCount "112"]

1. e4 c5 2. Nf3 d6 3. d4 cxd4 4. Nxd4 Nf6 5. Nc3 a6 6. Be2 e5
7. Nb3 Be6 8. O-O Nbd7 9. a4 Rc8 10. Be3 Be7 11. Qd2 O-O
12. Rfd1 Qc7 13. f3 Rfd8 14. Qe1 Nb6 15. a5 Nc4 16. Bxc4 Qxc4
17. Ra4 Qc6 18. Bb6 Rd7 19. Nc1 d5 20. Nd3 Bd6 21. Nb4 Bxb4
22. Rxb4 d4 23. Ne2 Qxc2 24. Rc1 d3 25. Rxc2 dxc2 26. Kf2 Rd1
27. Be3 Rxe1 28. Kxe1 Rc7 29. Kd2 Bc4 30. Nc3 Bf1 31. g3 h6
32. Kxc2 Bg2 33. Bb6 Rc6 34. Bd8 Bxf3 35. Bxf6 gxf6 36. Kd3
Rc5 37. Rxb7 Rxa5 38. Nd5 Kg7 39. Ne3 Ra4 40. Nf5+ Kg8 41. Ke3
Bxe4 42. Rb8+ Kh7 43. b3 Bxf5 44. bxa4 Bc2 45. a5 e4 46. Rb6
Bd3 47. Rxf6 Kg7 48. Rd6 f6 49. Rxd3 exd3 50. Kxd3 h5 51. Kd4
Kf7 52. Kc5 Ke6 53. Kb6 Kd6 54. Kxa6 Kc6 55. h4 f5 56. Ka7 Kd5
1-0

[Event "Bled Olympiad"]
[Site "Bled SLO"]
[Date "2002.10.30"]
[EventDate "2002.10.26"]
[Round "5"]
[Result "1-0"]
[White "Dao Thien Hai"]
[Black "Mika Karttunen"]
[WhiteElo "2547"]
[BlackElo "2413"]
[PlyCount "84"]

1. d4 d5 2. c4 c6 3. Nf3 Nf6 4. Nc3 a6 5. a4 e6 6. g3 dxc4
7. Bg2 c5 8. dxc5 Qxd1+ 9. Nxd1 Nc6 10. Ne3 Bxc5 11. Nxc4 Ke7
12. O-O Nd5 13. Bd2 Bd7 14. Rfc1 f6 15. e4 Ndb4 16. Bf1 a5
17. e5 Nd5 18. exf6+ gxf6 19. Bg2 b6 20. b3 Rac8 21. Re1 Kf7
22. Rad1 Rc7 23. Re4 Bc8 24. g4 Rd8 25. Rc1 Ndb4 26. g5 Nd3
27. Rf1 f5 28. Rh4 Kg8 29. Bc3 Ba6 30. g6 Bxc4 31. bxc4 e5
32. Ng5 hxg6 33. Ne6 Rcc8 34. Bxc6 Nxf2 35. Nxd8 Ne4+ 36. Kg2
Nxc3 37. Rf3 Bd4 38. Rfh3 e4 39. Ne6 Bf6 40. Bd7 Bxh4 41. Bxc8
Bf6 42. Nf4 g5 1-0

[Event "Bled Olympiad"]
[Site "Bled SLO"]
[Date "2002.10.30"]
[EventDate "2002.10.26"]
[Round "5"]
[Result "1/2-1/2"]
[White "Throstur Thorhallsson"]
[Black "Hany Sameeh"]
[WhiteElo "2443"]
[BlackElo "2375"]
[PlyCount "91"]

1. e4 c5 2. Nf3 d6 3. d4 cxd4 4. Nxd4 Nf6 5. Nc3 Nc6 6. Be3
Ng4 7. Bb5 Nxe3 8. fxe3 Bd7 9. O-O e6 10. Bxc6 bxc6 11. Qf3
Qf6 12. Qe2 Qg5 13. Nf3 Qd8 14. Rad1 Be7 15. Na4 Qa5 16. b3
O-O 17. Qd3 c5 18. Nb2 Bb5 19. Nc4 Qc7 20. Rfe1 Rad8 21. a4
Ba6 22. Qc3 Bb7 23. Ncd2 Bf6 24. Qc4 a5 25. Qe2 Ra8 26. Qd3
Rfd8 27. c4 Qc6 28. h3 Rab8 29. Rf1 Qb6 30. Nh2 Be7 31. Rf2
Rf8 32. Nhf3 Bc6 33. Ne1 Qb7 34. Nc2 Rbd8 35. Na3 Bf6 36. Rdf1
Be5 37. Nb5 g6 38. Qc2 f5 39. exf5 Rxf5 40. Rxf5 exf5 41. Nf3
Bf6 42. Qxf5 gxf5 43. Rd1 Be5 44. Kh1 Qb6 45. Nxd6 Qb5
46. Nxb5 1/2-1/2